ՀՀ Գիտությունների ազգային ակադեմիայի հիմնարար գիտական գրադարան  =   Fundamental Scientific Library of NAS RA
Normal view MARC view

Entry Personal Name

Number of records used in: 3

001 - CONTROL NUMBER

  • control field: 3221

003 - CONTROL NUMBER IDENTIFIER

  • control field: AM-YEHGA

005 - DATE AND TIME OF LATEST TRANSACTION

  • control field: 20250617070442.0

008 - FIXED-LENGTH DATA ELEMENTS

  • fixed length control field: 060712 a|ac|n|aab||||||||||||a |n|||||||

040 ## - CATALOGING SOURCE

  • Original cataloging agency: AM-YEHGA

100 1# - HEADING--PERSONAL NAME

  • Personal name: Գասպարյան, Մարիա Գրիգորի,
  • Dates associated with a name: 1911-2004

400 1# - SEE FROM TRACING--PERSONAL NAME

  • Personal name: Գասպարյան, Մ.Գ.
  • Fuller form of name: (Մարիա Գրիգորի),
  • Dates associated with a name: 1911-2004

400 1# - SEE FROM TRACING--PERSONAL NAME

  • Personal name: Գասպարյան, Մ.
  • Fuller form of name: (Մարիա),
  • Dates associated with a name: 1911-2004

400 1# - SEE FROM TRACING--PERSONAL NAME

  • Personal name: Гаспарян, Мария Григорьевна,
  • Dates associated with a name: 1911-2004

400 1# - SEE FROM TRACING--PERSONAL NAME

  • Personal name: Gasparyan, Maria Grigori,
  • Dates associated with a name: 1911-2004

670 ## - SOURCE DATA FOUND

  • Source citation: Ով ով է. հայեր (կենսագրական հանրագիտարան), 2005 :
  • Information found: հ. 1 (Գասպարյան Մարիա Գրիգորի [17.9.1911, Բաքու - 10.8.2004, Երևան], կենսաքիմիկոս։ Կենսբ. գիտ. դ-ր (1969), պրոֆ. (1971))

670 ## - SOURCE DATA FOUND

  • Source citation: Բիոքիմիա : Ուսումնական ձեռնարկ, 1964 :
  • Information found: տիտղթ. (Գասպարյան, Մ.Գ.)


ՀՀ ԳԱԱ հիմնարար գիտական գրադարան
ՀՀ,Երևան 0019
Մարշալ Բաղրամյան 24/6
հեռախոս:(374-10) 52-47-50
Հետադարձ կապ

All site content, except where otherwise noted, is licensed under a
Creative Commons License